000 00705nas a2200241 4500
001 BR8006284
003 BR-BrBNA
005 20231205084414.0
007 ta
008 230509b bl.|||p| |||| 00| 00por d
040 _aBR-BrBNA
_bpor
_cBiblioteca Nacional de Agricultura
041 _a(Pt)
072 _aH20
100 1 _aPrates, H.S.
245 1 _aQueda de frutos jovens, a nova ameaca para a citricultura brasileira
650 _aQUEDA DOS FRUTOS
650 _aFRUTA CITRICA
650 _aFUNGO
650 _aCONTROLE QUIMICO
773 0 _tAgropecuaria (Brazil)
_xISSN 0365-2661
_g(Jan 1980), v. 1(10) p. 54-57
_wBR8006284
909 _a202311
_bLúcia
_c55
_dLúcia Elande
942 _2AGRIS
_n0
_cANA
999 _c105011
_d105011